书目信息 |
| 题名: |
外壳防护等级(IP代码)= Degrees of protection provided by enclosure (IP code)
|
|
| 作者: | ;中华人民共和国国家质量监督检验检疫总局 | |
| 分册: | ||
| 出版信息: | 2008.06 |
|
| 页数: | 26页 | |
| 开本: | 20cm | |
| 丛书名: | ||
| 单 册: | ||
| 中图分类: | TM92 | |
| 科图分类: | ||
| 主题词: | 电气化 , 电能--应用 | |
| 电子资源: | ||
| ISBN: | ||
| 000 | 00853nam0 2200205 450 | |
| 001 | 1733237042 | |
| 005 | 20171212091711.45 | |
| 010 | @dCNY33.00 | |
| 100 | @a20171212d2008 km y0chiy0120 ea | |
| 101 | 0 | @achi |
| 200 | 1 | @a外壳防护等级(IP代码)= Degrees of protection provided by enclosure (IP code)@Awai ke fang hu deng ji(IP dai ma)=Degrees of protection provided by enclosure(IP code)@eGB 4208-2008@f中华人民共和国国家质量监督检验检疫总局@Fzhong hua ren min gong he guo guo jia zhi liang jian du jian yan jian yi zong ju |
| 210 | @d2008.06 | |
| 215 | @a26页@d20cm | |
| 517 | 1 | @aGB 4208-2008 |
| 606 | 0 | @a电气化 |
| 606 | 0 | @a电能@x应用 |
| 690 | @aTM92@v4 | |
| 711 | 02 | @a中华人民共和国国家质量监督检验检疫总局@Azhong hua ren min gong he guo guo jia zhi liang jian du jian yan jian yi zong ju |
| 801 | 0 | @aCN@bMUSE@c20171212 |
| 905 | @aMUSE@dTM92@eG9362 | |
| 外壳防护等级(IP代码)= Degrees of protection provided by enclosure (IP code):GB 4208-2008/中华人民共和国国家质量监督检验检疫总局.-2008.06 |
| 26页;20cm |
| ISBN :CNY33.00 |
| ● |
| 相关链接 |
|
|
|
正题名:外壳防护等级(IP代码)= Degrees of protect
索取号:TM92/G9362
 
预约/预借
| 序号 | 登录号 | 条形码 | 馆藏地/架位号 | 状态 | 备注 |
| 1 | 1237246 | 212372467 | 电气与控制工程学院资料室/ [索取号:TM92/G9362] | 在馆 |